000 00541nam a22001697a 4500
005 20251108165242.0
008 250721s1994 xx 000 0 ara d
082 1 4 _a613.25/ديا
245 1 0 _aنصائح ديانا للرشاقة /
264 1 _aنيقوسيا :
_bالكتاب العالمي،
_c1994.
300 _a71ص
490 0 _aسلسلة نصائح الأميرة ديانا المترجمة ؛ 5
650 1 7 _aاللياقة البدنية
650 1 7 _aالألعاب الرياضية
942 _2ddc
_cBK
999 _c23292
_d23292